000
00316nam a2200133Ia 4500
008
191201s2012 xx 000 0 und d
100
_a
AMBASTA, B.K.
245
0
_a
Chemistry for Engineers
250
_a
4th
260
_c
2012
_b
Laxmi Publications
_a
New Delhi
300
_a
351
650
_a
APPLIED
942
_2
ddc
_c
BB
999
_c
7543
_d
7543